00477cam a22001337a 4500008004000000082001600040100002500056245009100081260002800172300000900200650002800209999001900237952008700256180718b1960 xxu||||| |||| 00| 0 eng d aA6x689 P541 aPhillios, C.E. Lucas aVision splendid: the future of the central African federation.cby C.E. Lucas Phillips aLondonbHeinemannc1960 a384p aRhodesia and Nyasaland. c413336d413336 00104070aIIPAbIIPAd2009-02-12oA6x689 P541p24610r2018-07-21w2018-07-21yBK